Loading...

Cultura Indica: Tribute to an indologist Prof. Dr. Asoke

Bibliographic Details
Main Author: Banerjee,Biswanath
Format: Printed Book
Language:English
Published: Delhi Sharada Publishing house Delhi Sharada Publishing house 1994
LEADER 00536nam a2200121Ia 4500
008 111205s9999 xx 000 0 eng d
100 |a Banerjee,Biswanath 
245 |a Cultura Indica: Tribute to an indologist Prof. Dr. Asoke  |c Banerjee,Biswanath 
260 |b Delhi Sharada Publishing house  |a Delhi Sharada Publishing house  |c 1994 
300 |a 340 
942 |c BK 
999 |c 208040  |d 208040 
952 |0 0  |1 0  |2 ddc  |4 0  |6 E_301_295000000000000_4_ASO_C  |7 0  |9 230083  |a MAL  |b MAL  |c ST1  |d 2011-12-05  |g 800.00  |l 0  |o E 301.295 4 ASO/C  |p MAL23794  |r 2011-12-05  |v 800.00  |w 2011-12-05  |y BK